Dejiny KSČ výberová odporúčajúca bibliografia

Bibliographic Details
Main Author: Dzúriková, J. (Author)
Format: Book
Language:Slovak
PhysicalDescription:10 s. 29 cm
Published: Liptovský Mikuláš Okresná knižnica G. F. Belopotockého 1975
Subjects:

MARC

LEADER 00000cam a2200000 a 4500
001 vtls010575536
003 SK-MaSNL
005 20260311130833.0
008 240315s1975 xo g n 000 0 slo
015 |a SNBA1975 
040 |a SNK  |b slo  |c SNK  |e AACR2 
041 0 |a slo 
043 |a e-cs--- 
044 |a xo  |c SK 
080 |a 329-012(091):016  |2 1981 
100 1 |a Dzúriková, J.  |4 aut  |9 486337 
245 1 0 |a Dejiny KSČ  |b výberová odporúčajúca bibliografia  |c J. Dzúriková 
260 |a Liptovský Mikuláš  |b Okresná knižnica G. F. Belopotockého  |c 1975 
300 |a 10 s.  |c 29 cm 
366 |e 75 výt. 
504 |a Bibliogr. odkazy 
610 7 |a Komunistická strana Československa  |2 SNKKA  |9 32256 
650 0 7 |a komunistické strany  |x dejiny  |2 SNKPH  |9 308056 
651 7 |a Československo  |2 SNKPH  |9 21376 
655 7 |a bibliografie  |2 SNKPH  |9 28668 
958 |a OND 
958 |a NB 
999 |c 754231  |d 756161 
952 |a SNK  |b SNK  |y PREZ  |7 0  |p 17A0942093  |o snkSB 24038  |i snkKSP 6064/76  |0 0  |1 0  |4 0  |d 2014-02-11  |l 0  |r 2025-03-27 00:00:00  |w 2026-02-23 
952 |a SNK  |b SNK  |y VYP  |7 0  |o snkSB 24038 D1  |i snkKSP 6065/76  |0 0  |1 0  |4 0  |d 2015-02-13  |l 0  |r 2026-02-23 23:44:15  |w 2026-02-23